[Event "Aragon-chT Preferente Gr II"]
[Site "Aragon"]
[Date "2022.03.19"]
[Round "8.56"]
[White "Gracia Campo, Carlos Alberto"]
[Black "Ferreruela Romero, Jose Joaquin"]
[Result "1/2-1/2"]
[WhiteElo "2019"]
[BlackElo "2007"]
[PlyCount "97"]
[EventDate "2022.01.29"]
[EventType "team-tourn"]
[EventRounds "9"]
[EventCountry "ESP"]
[SourceTitle "EXT 2024"]
[Source "ChessBase"]
[SourceDate "2023.10.10"]
[SourceVersion "1"]
[SourceVersionDate "2023.10.10"]
[SourceQuality "1"]
[WhiteTeam "El Olivar II"]
[BlackTeam "San Jose"]
[WhiteTeamCountry "ESP"]
[BlackTeamCountry "ESP"]

1. e4 c6 2. d4 d5 3. exd5 cxd5 4. c4 Nf6 5. Nc3 e6 6. Bg5 Be7 7. Nf3 0-0 8. Bd3 dxc4 9. Bxc4 Nbd7 10. 0-0 Nb6 11. Bd3 Bd7 12. Ne5 Bc6 13. Nxc6 bxc6 14. Rc1 Qd7 15. Qf3 Rfd8 16. Rfd1 Nbd5 17. Ne4 Nxe4 18. Bxe7 Nxe7 19. Bxe4 Rab8 20. b3 Rb6 21. Qe2 g6 22. Rc3 Rb4 23. Rc4 Qd6 24. Bf3 Rxc4 25. bxc4 Nf5 26. d5 exd5 27. cxd5 c5 28. g3 Nd4 29. Qd3 Rb8 30. Bg2 h5 31. h4 Qb6 32. Rc1 Re8 33. Rb1 c4 34. Rxb6 cxd3 35. Rb1 Ne2+ 36. Kf1 Nc3 37. Re1 Rxe1+ 38. Kxe1 Nxa2 39. Kd2 Nb4 40. Kc3 a5 41. Bf3 Kf8 42. Kb3 Ke7 43. Ka4 Kd6 44. Kxa5 Nxd5 45. Kb5 Nf6 46. Kc4 d2 47. Kd3 Ng4 48. Bxg4 hxg4 49. Kxd2 1/2-1/2

[Event "Aragon-chT Preferente"]
[Site "Aragon"]
[Date "2021.05.01"]
[Round "6.44"]
[White "Gracia Campo, Carlos Alberto"]
[Black "Castillo Sanjuan, Daniel"]
[Result "0-1"]
[WhiteElo "2065"]
[BlackElo "1965"]
[PlyCount "50"]
[EventDate "2021.03.13"]
[EventType "team-tourn"]
[EventRounds "9"]
[EventCountry "ESP"]
[SourceTitle "EXT 2024"]
[Source "ChessBase"]
[SourceDate "2023.10.10"]
[SourceVersion "1"]
[SourceVersionDate "2023.10.10"]
[SourceQuality "1"]
[WhiteTeam "El Olivar II"]
[BlackTeam "Palacio de Pioneros III"]
[WhiteTeamCountry "ESP"]
[BlackTeamCountry "ESP"]

1. e4 e5 2. Nf3 Nc6 3. Bc4 Bc5 4. d3 Nf6 5. Bg5 d6 6. 0-0 h6 7. Bh4 g5 8. Bg3 h5 9. Nxg5 h4 10. Nxf7 Qe7 11. Nxh8 hxg3 12. Bf7+ Kd8 13. Qf3 Nd4 14. Qe3 Ng4 15. Qd2 Nf3+ 16. gxf3 Qh4 17. h3 gxf2+ 18. Rxf2 Bxf2+ 19. Kf1 Qxh3+ 20. Ke2 Be3 21. Qe1 Qg2+ 22. Kd1 Qxf3+ 23. Qe2 Qh1+ 24. Qe1 Nf2+ 25. Ke2 Bg4+ 0-1

[Event "Aragon-chT Preferente"]
[Site "Aragon"]
[Date "2021.03.20"]
[Round "2.38"]
[White "Gracia Campo, Carlos Alberto"]
[Black "Garcia Acin, Pablo"]
[Result "0-1"]
[WhiteElo "2065"]
[BlackElo "1623"]
[PlyCount "70"]
[EventDate "2021.03.13"]
[EventType "team-tourn"]
[EventRounds "9"]
[EventCountry "ESP"]
[SourceTitle "EXT 2024"]
[Source "ChessBase"]
[SourceDate "2023.10.10"]
[SourceVersion "1"]
[SourceVersionDate "2023.10.10"]
[SourceQuality "1"]
[WhiteTeam "El Olivar II"]
[BlackTeam "IberCaja II"]
[WhiteTeamCountry "ESP"]
[BlackTeamCountry "ESP"]

1. e4 c5 2. Nf3 d6 3. d4 Nf6 4. Nc3 cxd4 5. Qxd4 Nc6 6. Bb5 Bd7 7. Bxc6 Bxc6 8. Bg5 e6 9. 0-0-0 Be7 10. Qd3 h6 11. Bh4 Qd7 12. Nd4 d5 13. e5 Nh7 14. Bxe7 Qxe7 15. f4 a6 16. h4 Nf8 17. f5 Qc7 18. fxe6 Nxe6 19. Nxe6 fxe6 20. Qg6+ Qf7 21. Qxf7+ Kxf7 22. Ne2 g5 23. Rdf1+ Ke7 24. Rf6 Rag8 25. Rhf1 Bb5 26. Rf7+ Ke8 27. Kd2 gxh4 28. Rxb7 Bxe2 29. Kxe2 Rxg2+ 30. Kd3 Rhg8 31. Rff7 R8g3+ 32. Kd4 Rxc2 33. b3 Rcc3 34. Rfe7+ Kd8 35. Red7+ Kc8 0-1

[Event "Aragon-chT Preferente"]
[Site "Aragon"]
[Date "2021.03.13"]
[Round "1.42"]
[White "Sanchez Burillo, Guillermo"]
[Black "Gracia Campo, Carlos Alberto"]
[Result "0-1"]
[WhiteElo "1680"]
[BlackElo "2065"]
[PlyCount "84"]
[EventDate "2021.03.13"]
[EventType "team-tourn"]
[EventRounds "9"]
[EventCountry "ESP"]
[SourceTitle "EXT 2024"]
[Source "ChessBase"]
[SourceDate "2023.10.10"]
[SourceVersion "1"]
[SourceVersionDate "2023.10.10"]
[SourceQuality "1"]
[WhiteTeam "Marie Curie"]
[BlackTeam "El Olivar II"]
[WhiteTeamCountry "ESP"]
[BlackTeamCountry "ESP"]

1. d4 Nf6 2. Bf4 g6 3. Nf3 Bg7 4. Nc3 0-0 5. Qd2 c6 6. Bh6 b5 7. Bxg7 Kxg7 8. e4 b4 9. e5 bxc3 10. exf6+ exf6 11. Qxc3 Re8+ 12. Kd2 Ba6 13. Bxa6 Nxa6 14. Rhe1 Qc7 15. Qc4 Qf4+ 16. Re3 Nc7 17. Ke2 Rxe3+ 18. fxe3 Re8 19. Ne5 d5 20. Qxc6 Qe4 21. Rf1 fxe5 22. Qxc7 Qg4+ 23. Ke1 Qh4+ 24. g3 Re7 25. gxh4 Rxc7 26. Kd2 exd4 27. exd4 f5 28. b3 Kf6 29. Kd3 Re7 30. c4 Re4 31. c5 Ke6 32. Rf2 Rxh4 33. b4 Rh3+ 34. Kc2 Ra3 35. Re2+ Kd7 36. Kd1 Kc6 37. Kc1 f4 38. Kb2 Rd3 39. Re6+ Kd7 40. Rd6+ Kc7 41. Rxd5 f3 42. Kc1 f2 0-1

[Event "Aragon-chT Preferente Gr-II"]
[Site "Aragon"]
[Date "2020.02.15"]
[Round "4.52"]
[White "Gracia Campo, Carlos Alberto"]
[Black "Garcia Andres, Daniel"]
[Result "1/2-1/2"]
[WhiteElo "2069"]
[BlackElo "2029"]
[PlyCount "115"]
[EventDate "2020.01.25"]
[EventType "team-tourn"]
[EventRounds "9"]
[EventCountry "ESP"]
[SourceTitle "EXT 2022"]
[Source "ChessBase"]
[SourceDate "2021.10.06"]
[SourceVersion "1"]
[SourceVersionDate "2021.10.06"]
[SourceQuality "1"]
[WhiteTeam "El Olivar II"]
[BlackTeam "St Casablanca III"]
[WhiteTeamCountry "ESP"]
[BlackTeamCountry "ESP"]

1. e4 e5 2. Nf3 Nc6 3. Bc4 Bc5 4. 0-0 Nf6 5. d3 a6 6. Bg5 h6 7. Bh4 g5 8. Bg3 d6 9. c3 Bb6 10. Re1 Bg4 11. d4 Bxf3 12. Qxf3 Qe7 13. d5 Nb8 14. Nd2 Nbd7 15. Qf5 0-0-0 16. Nf1 Rdg8 17. Ne3 h5 18. h4 Ng4 19. Nxg4 hxg4 20. h5 Kb8 21. Be2 Nf6 22. Bxg4 Nxh5 23. Qf3 Nf4 24. Rad1 Qf6 25. Bxf4 gxf4 26. Kf1 Bxf2 27. Kxf2 Qh4+ 28. Ke2 Qxg4 29. Qxg4 Rxg4 30. Rg1 Rh2 31. Kf2 Rg3 32. c4 Ka7 33. Rc1 a5 34. Rc3 Rxc3 35. bxc3 Rh6 36. Rb1 Rg6 37. Rh1 Rg3 38. Rh3 Kb6 39. Rxg3 fxg3+ 40. Kxg3 Kc5 41. Kg4 Kxc4 42. Kf5 Kd3 43. g4 Ke3 44. c4 a4 45. g5 b6 46. a3 Kf3 47. Kf6 Kf4 48. Ke7 Kxg5 49. Kd7 f5 50. Kxc7 f4 51. Kxb6 f3 52. c5 f2 53. cxd6 f1Q 54. d7 Qf2+ 55. Kc7 Qa7+ 56. Kc8 Qc5+ 57. Kb7 Qd6 58. Kc8 1/2-1/2

[Event "Aragon-chT Preferente Gr-II"]
[Site "Aragon"]
[Date "2019.03.09"]
[Round "7.62"]
[White "Gracia Campo, Carlos Alberto"]
[Black "Carruez Gracia, Eduardo"]
[Result "1-0"]
[WhiteElo "2074"]
[BlackElo "1894"]
[PlyCount "53"]
[EventDate "2019.01.26"]
[EventType "team-tourn"]
[EventRounds "9"]
[EventCountry "ESP"]
[SourceTitle "EXT 2020"]
[Source "ChessBase"]
[SourceDate "2019.10.17"]
[SourceVersion "1"]
[SourceVersionDate "2019.10.17"]
[SourceQuality "1"]
[WhiteTeam "El Olivar II"]
[BlackTeam "Agrupacion III"]
[WhiteTeamCountry "ESP"]
[BlackTeamCountry "ESP"]

1. e4 e6 2. d4 d5 3. e5 c5 4. c3 Nc6 5. Nf3 Qb6 6. a3 a5 7. Bd3 c4 8. Bc2 Qa6 9. a4 b5 10. axb5 Qxb5 11. 0-0 Bd7 12. Ng5 Be7 13. Qh5 g6 14. Qf3 Nh6 15. Na3 Qa6 16. Nxe6 Bxe6 17. Bxh6 0-0-0 18. Bg7 Rhg8 19. Bf6 Bxf6 20. Qxf6 h5 21. Ba4 Na7 22. Qe7 Bd7 23. b3 cxb3 24. Bxb3 Be6 25. Qc5+ Kb8 26. Rfb1 Ka8 27. Nc2 1-0

[Event "Aragon-chT Preferente Gr-II"]
[Site "Aragon"]
[Date "2019.02.16"]
[Round "4.70"]
[White "Barranco Mananet, Fernando"]
[Black "Gracia Campo, Carlos Alberto"]
[Result "1-0"]
[WhiteElo "2045"]
[BlackElo "2074"]
[PlyCount "63"]
[EventDate "2019.01.26"]
[EventType "team-tourn"]
[EventRounds "9"]
[EventCountry "ESP"]
[SourceTitle "EXT 2020"]
[Source "ChessBase"]
[SourceDate "2019.10.17"]
[SourceVersion "1"]
[SourceVersionDate "2019.10.17"]
[SourceQuality "1"]
[WhiteTeam "Monzon"]
[BlackTeam "El Olivar II"]
[WhiteTeamCountry "ESP"]
[BlackTeamCountry "ESP"]

1. e4 d6 2. d4 Nf6 3. Nc3 g6 4. f4 Bg7 5. Nf3 0-0 6. e5 dxe5 7. fxe5 Nd5 8. Bc4 Nb6 9. Bb3 Nc6 10. a4 Na5 11. Ba2 c5 12. dxc5 Qxd1+ 13. Nxd1 Nbc4 14. Bf4 Bg4 15. b4 Bxf3 16. gxf3 Nxe5 17. bxa5 Nxf3+ 18. Kf2 Bxa1 19. Kxf3 Rac8 20. Be3 Bf6 21. Nf2 Rfd8 22. Ne4 Kg7 23. Rf1 Rc6 24. Nxf6 Rxf6+ 25. Ke2 Rxf1 26. Kxf1 a6 27. Bc4 Rc8 28. Bb5 axb5 29. axb5 Kf6 30. c6 bxc6 31. b6 Ra8 32. b7 1-0

[Event "Aragon-chT Preferente A"]
[Site "Aragon"]
[Date "2017.02.04"]
[Round "2.41"]
[White "Gracia Campo, Carlos Alberto"]
[Black "Garcia Vicente, Nieves"]
[Result "1/2-1/2"]
[WhiteElo "2082"]
[BlackElo "2172"]
[PlyCount "45"]
[EventDate "2017.01.28"]
[EventType "team-tourn"]
[EventRounds "9"]
[EventCountry "ESP"]
[SourceTitle "EXT 2018"]
[Source "ChessBase"]
[SourceDate "2017.10.13"]
[SourceVersion "1"]
[SourceVersionDate "2017.10.13"]
[SourceQuality "1"]
[WhiteTeam "El Olivar II"]
[BlackTeam "Barbastro"]
[WhiteTeamCountry "ESP"]
[BlackTeamCountry "ESP"]

1. e4 c5 2. Nf3 Nc6 3. d4 cxd4 4. Nxd4 e5 5. Nxc6 bxc6 6. Bc4 Nf6 7. Qe2 Be7 8. 0-0 0-0 9. Nc3 d5 10. exd5 cxd5 11. Rd1 Bg4 12. f3 Qb6+ 13. Be3 Bc5 14. Bxd5 Bxe3+ 15. Kh1 Nxd5 16. Nxd5 Qxb2 17. Qxe3 Be6 18. Nc7 Rac8 19. Qxa7 Bc4 20. Qc5 Bxa2 21. Qa5 Bc4 22. Qc5 Ba2 23. Qa5 1/2-1/2

[Event "Aragon-chT Honor GrA"]
[Site "Aragon"]
[Date "2015.01.24"]
[Round "1.9"]
[White "Lana Rodriguez, David"]
[Black "Gracia Campo, Carlos Alberto"]
[Result "1-0"]
[WhiteElo "2254"]
[BlackElo "2076"]
[PlyCount "67"]
[EventDate "2015.01.24"]
[EventType "team-tourn"]
[EventRounds "7"]
[EventCountry "ESP"]
[SourceTitle "EXT 2017"]
[Source "ChessBase"]
[SourceDate "2016.10.25"]
[SourceVersion "1"]
[SourceVersionDate "2016.10.25"]
[SourceQuality "1"]
[WhiteTeam "Agrupacion"]
[BlackTeam "El Olivar II"]
[WhiteTeamCountry "ESP"]
[BlackTeamCountry "ESP"]

1. e4 e5 2. Nf3 Nc6 3. Bc4 Bc5 4. c3 Nf6 5. d4 exd4 6. 0-0 d5 7. exd5 Nxd5 8. Qb3 Nde7 9. Bxf7+ Kf8 10. cxd4 Bxd4 11. Rd1 Na5 12. Rxd4 Nxb3 13. Rxd8+ Kxf7 14. Rxh8 Nxa1 15. Na3 h6 16. b3 Ng6 17. Rd8 Ke7 18. Rd2 Be6 19. Bb2 Nxb3 20. axb3 Bxb3 21. Bxg7 c5 22. Bxh6 a6 23. Bg5+ Ke6 24. h4 b5 25. h5 Nh8 26. Be3 Rc8 27. Ng5+ Ke7 28. Ne4 c4 29. Bc5+ Ke6 30. f3 c3 31. Rd6+ Kf7 32. Rxa6 c2 33. Nxc2 Bxc2 34. Nd6+ 1-0

[Event "Aragon-chT Preferente B"]
[Site "Aragon"]
[Date "2014.03.01"]
[Round "6.58"]
[White "Gracia Campo, Carlos Alberto"]
[Black "Alonso Blasco, Jose Miguel"]
[Result "1/2-1/2"]
[WhiteElo "2049"]
[BlackElo "2105"]
[PlyCount "55"]
[EventDate "2014.01.25"]
[EventType "team-tourn"]
[EventRounds "9"]
[EventCountry "ESP"]
[SourceTitle "EXT 2015"]
[Source "ChessBase"]
[SourceDate "2014.11.20"]
[SourceVersion "1"]
[SourceVersionDate "2014.11.20"]
[SourceQuality "1"]
[WhiteTeam "El Olivar III"]
[BlackTeam "Las Fuentes"]
[WhiteTeamCountry "ESP"]
[BlackTeamCountry "ESP"]

1. e4 c6 2. d4 d5 3. exd5 cxd5 4. c4 Nf6 5. Nc3 e6 6. Nf3 Bb4 7. a3 Bxc3+ 8. bxc3 0-0 9. Bd3 dxc4 10. Bxc4 Qc7 11. Qd3 b6 12. 0-0 Bb7 13. Ne5 Nbd7 14. Nxd7 Nxd7 15. Ba2 Qc6 16. f3 Rfc8 17. Bd2 Nf8 18. Rac1 b5 19. c4 bxc4 20. Bxc4 a5 21. Rc3 Qd6 22. Rb1 Bc6 23. Ba6 Rd8 24. Rxc6 Qxc6 25. Bb7 Qd6 26. Bxa8 Rxa8 27. Rb5 a4 28. Bb4 1/2-1/2

[Event "Aragon-chT Preferente B"]
[Site "Aragon"]
[Date "2014.02.15"]
[Round "4.54"]
[White "Gracia Campo, Carlos Alberto"]
[Black "Aviol Perez, Jose Mariano"]
[Result "1-0"]
[WhiteElo "2049"]
[BlackElo "1958"]
[PlyCount "133"]
[EventDate "2014.01.25"]
[EventType "team-tourn"]
[EventRounds "9"]
[EventCountry "ESP"]
[SourceTitle "EXT 2015"]
[Source "ChessBase"]
[SourceDate "2014.11.20"]
[SourceVersion "1"]
[SourceVersionDate "2014.11.20"]
[SourceQuality "1"]
[WhiteTeam "El Olivar III"]
[BlackTeam "Actur Rey Fernando"]
[WhiteTeamCountry "ESP"]
[BlackTeamCountry "ESP"]

1. e4 d6 2. d4 Nf6 3. Nc3 g6 4. Bg5 Bg7 5. Qd2 c6 6. 0-0-0 Nbd7 7. f3 b5 8. e5 b4 9. exf6 bxc3 10. Qxc3 Nxf6 11. Qxc6+ Bd7 12. Qa6 0-0 13. Bc4 Qc7 14. Bb3 Rab8 15. Qd3 a5 16. Bxf6 Bxf6 17. Ne2 a4 18. Bc4 Rfc8 19. Ba6 Bf5 20. Qc3 Qb6 21. Bxc8 Rxc8 22. Qd2 Rxc2+ 23. Qxc2 Bxc2 24. Kxc2 e6 25. Rd3 d5 26. Rhd1 Qa7 27. Nc3 Kf8 28. b3 axb3+ 29. axb3 Qc7 30. g3 h5 31. Kb2 h4 32. f4 Kg7 33. Rc1 Qb6 34. Rcd1 Kh6 35. g4 g5 36. f5 Kg7 37. fxe6 fxe6 38. h3 Kf7 39. Na4 Qc7 40. Rc1 Qb8 41. Ka3 e5 42. dxe5 Qxe5 43. Rcd1 Qe7+ 44. b4 d4 45. Nc5 Qa7+ 46. Kb3 Kg6 47. Re1 Qa8 48. Kc4 Qa2+ 49. Kb5 Qd5 50. Re6 Kf7 51. Rb6 Be5 52. Rb7+ Kg6 53. Rd7 Qa8 54. Rb7 Qe8+ 55. Rd7 Qa8 56. Kc4 Qa2+ 57. Rb3 Qc2+ 58. Kd5 Bf6 59. Rd6 Qg2+ 60. Ne4 Qc2 61. Rxf6+ Kg7 62. Ra3 d3 63. Ra7+ Kg8 64. Rc6 Qb3+ 65. Ke5 Qb2+ 66. Kf5 Qc2 67. Rxc2 1-0

[Event "Aragon-chT Preferente A"]
[Site "Aragon"]
[Date "2012.02.04"]
[Round "1.38"]
[White "Pes Mateo, Angel"]
[Black "Gracia Campo, Carlos Alberto"]
[Result "0-1"]
[WhiteElo "2069"]
[BlackElo "2042"]
[PlyCount "68"]
[EventDate "2012.02.04"]
[EventType "team"]
[EventRounds "9"]
[EventCountry "ESP"]
[SourceTitle "EXT 2014"]
[Source "ChessBase"]
[SourceDate "2013.11.20"]
[SourceVersion "1"]
[SourceVersionDate "2013.11.20"]
[SourceQuality "1"]
[WhiteTeam "Delicias CCOO II"]
[BlackTeam "Olivar II"]
[WhiteTeamCountry "ESP"]
[BlackTeamCountry "ESP"]

1. d4 Nf6 2. Nf3 g6 3. Bf4 Bg7 4. h3 0-0 5. e3 c5 6. c3 d6 7. Be2 Nc6 8. Nbd2 a6 9. a4 Re8 10. 0-0 Rb8 11. Bh2 cxd4 12. exd4 b5 13. axb5 axb5 14. Qc2 Qb6 15. Nb3 Be6 16. Rfd1 Rec8 17. Nc1 Nd5 18. Qd2 Na5 19. Bd3 b4 20. Rb1 Qc6 21. Ra1 bxc3 22. bxc3 Nxc3 23. Re1 Nb3 24. Nxb3 Rxb3 25. Rec1 Qb6 26. Bg3 Bxd4 27. Bxg6 Bg7 28. Bc2 Rb2 29. Qd3 Na2 30. Qxh7+ Kf8 31. Ng5 Nxc1 32. Rxc1 Qc6 33. Qh5 Rxc2 34. Re1 Rc1 0-1

[Event "Aragon-chT Honor II"]
[Site "Spain"]
[Date "2011.02.12"]
[Round "2.30"]
[White "Gracia Campo, Carlos Alberto"]
[Black "Martinez Cebolla, Alberto"]
[Result "1/2-1/2"]
[WhiteElo "2073"]
[BlackElo "2061"]
[PlyCount "150"]
[EventDate "2011.02.05"]
[EventType "team-tourn"]
[EventRounds "7"]
[EventCountry "ESP"]
[SourceTitle "EXT 2013"]
[Source "ChessBase"]
[SourceDate "2012.11.22"]
[SourceVersion "1"]
[SourceVersionDate "2012.11.22"]
[SourceQuality "1"]
[WhiteTeam "Olivar II"]
[BlackTeam "IberCaja II"]
[WhiteTeamCountry "ESP"]
[BlackTeamCountry "ESP"]

1. e4 e5 2. Nf3 Nc6 3. Bc4 Nf6 4. d3 Bc5 5. Bg5 d6 6. 0-0 h6 7. Bh4 g5 8. Bg3 h5 9. Nxg5 h4 10. Nxf7 hxg3 11. Nxd8 Bg4 12. Ne6 Bxf2+ 13. Rxf2 gxf2+ 14. Kxf2 Bxd1 15. Nxc7+ Kd7 16. Nxa8 Rxh2 17. Nc3 Bg4 18. Nd5 Nxd5 19. exd5 Ne7 20. Kg3 Rh8 21. Kxg4 Rxa8 22. Rh1 Rg8+ 23. Kf3 Rf8+ 24. Ke2 Rf7 25. Bb3 Nf5 26. Rh3 Nd4+ 27. Ke3 Rg7 28. Kf2 Rf7+ 29. Kg1 Kc7 30. Re3 Kb6 31. c3 Nxb3 32. axb3 Kc5 33. g4 Kxd5 34. Kg2 Ke6 35. Rf3 Rg7 36. Kg3 a5 37. c4 b5 38. cxb5 Rb7 39. g5 Rxb5 40. Kg4 Rxb3 41. g6 Rb4+ 42. Kg5 Rxb2 43. g7 Rg2+ 44. Kh6 Ke7 45. Kh7 Rh2+ 46. Kg8 a4 47. Rf7+ Ke8 48. Rf8+ Ke7 49. Rf7+ Ke8 50. Ra7 Rh4 51. Ra6 Ke7 52. Ra8 d5 53. Ra5 Rd4 54. Kh7 Rh4+ 55. Kg6 Rg4+ 56. Kh6 Kf7 57. Ra7+ Kg8 58. Ra8+ Kf7 59. Rf8+ Ke6 60. g8Q+ Rxg8 61. Rxg8 Kf5 62. Rf8+ Kg4 63. Rd8 d4 64. Rd5 Kf4 65. Kg6 Ke3 66. Kf5 Kxd3 67. Kxe5 Kc3 68. Rxd4 a3 69. Ra4 Kb3 70. Ra8 a2 71. Kd4 Kb2 72. Rb8+ Kc2 73. Ra8 Kb2 74. Kc4 a1Q 75. Rxa1 Kxa1 1/2-1/2

[Event "Aragon-chT Honor II"]
[Site "Spain"]
[Date "2011.02.05"]
[Round "1.21"]
[White "Gracia Campo, Carlos Alberto"]
[Black "Gil Capape, Marco Antonio"]
[Result "0-1"]
[WhiteElo "2073"]
[BlackElo "2061"]
[PlyCount "100"]
[EventDate "2011.02.05"]
[EventType "team-tourn"]
[EventRounds "7"]
[EventCountry "ESP"]
[SourceTitle "EXT 2013"]
[Source "ChessBase"]
[SourceDate "2012.11.22"]
[SourceVersion "1"]
[SourceVersionDate "2012.11.22"]
[SourceQuality "1"]
[WhiteTeam "Olivar II"]
[BlackTeam "Caissa"]
[WhiteTeamCountry "ESP"]
[BlackTeamCountry "ESP"]

1. e4 e5 2. Nf3 Nc6 3. Bc4 Nf6 4. d3 Bc5 5. 0-0 d6 6. Bg5 Na5 7. Nbd2 h6 8. Bh4 g5 9. Bg3 Nxc4 10. Nxc4 Nh5 11. c3 Nxg3 12. hxg3 Be6 13. b4 Bb6 14. Nxb6 axb6 15. d4 g4 16. Nh4 Ra3 17. d5 Bd7 18. Qc1 Qa8 19. Qd2 Bb5 20. Rfc1 Bc4 21. Rc2 Qa6 22. Nf5 Bd3 23. Rcc1 Bxe4 24. Nxh6 Qc4 25. Nxg4 Kd8 26. Ne3 Qd3 27. Qxd3 Bxd3 28. g4 Kd7 29. f3 Rha8 30. Kh2 Rxa2 31. Rxa2 Rxa2 32. Kg3 Re2 33. Nf5 Bc4 34. Rd1 Bb3 35. Rd3 Bc4 36. Re3 Rd2 37. Nh6 Bxd5 38. g5 Ke6 39. Ng4 Kf5 40. Nf6 Bc6 41. Ne4 Bxe4 42. fxe4+ Kxg5 43. Kf3 b5 44. g4 Rh2 45. Kg3 Rh4 46. Re1 Rxg4+ 47. Kf3 f5 48. exf5 Kxf5 49. Rh1 Rc4 50. Rc1 e4+ 0-1

[Event "Aragon-chT"]
[Site "Aragon"]
[Date "2009.03.28"]
[Round "9"]
[White "Gavin Roche, Enrique"]
[Black "Gracia Campo, Carlos Alberto"]
[Result "1/2-1/2"]
[WhiteElo "2278"]
[BlackElo "2090"]
[PlyCount "76"]
[EventDate "2009.01.24"]
[EventType "team-swiss"]
[EventRounds "9"]
[EventCountry "ESP"]
[SourceTitle "EXT 2011"]
[Source "ChessBase"]
[SourceDate "2010.11.26"]
[SourceVersion "1"]
[SourceVersionDate "2010.11.26"]
[SourceQuality "1"]

1. d4 Nf6 2. c4 g6 3. Nc3 Bg7 4. e4 d6 5. Be2 0-0 6. Nf3 c6 7. Bg5 Qc7 8. 0-0 Nbd7 9. a3 e5 10. d5 h6 11. Bh4 g5 12. Bg3 Nc5 13. Nd2 Nfxe4 14. Ndxe4 Nxe4 15. Nxe4 f5 16. dxc6 fxe4 17. Qd5+ Kh8 18. Rad1 Rf6 19. c5 bxc6 20. Qxe4 d5 21. Bxe5 Re6 22. Bxc7 Rxe4 23. Bd3 Re7 24. Bd6 Rb7 25. Rfe1 Bg4 26. f3 Bh5 27. g4 Bf7 28. Ba6 Rxb2 29. Re7 Kg8 30. Bb7 Rd8 31. Bxc6 Bf8 32. Rxa7 Bxd6 33. cxd6 Rxd6 34. Ra6 Re6 35. Ra8+ Kg7 36. Bxd5 Ree2 37. Ra7 Rg2+ 38. Kf1 Rgf2+ 1/2-1/2

[Event "Autonomico-chT"]
[Site "Aragon"]
[Date "2005.02.26"]
[Round "5.54"]
[White "Gracia Campo, Carlos Alberto"]
[Black "Argueso Pascual, Jorge"]
[Result "1/2-1/2"]
[WhiteElo "2079"]
[BlackElo "1958"]
[PlyCount "54"]
[EventDate "2005.01.22"]
[EventType "team"]
[EventRounds "12"]
[EventCountry "ESP"]
[SourceTitle "EXT 2006"]
[Source "ChessBase"]
[SourceDate "2005.11.24"]
[SourceVersion "1"]
[SourceVersionDate "2005.11.24"]
[SourceQuality "1"]

1. e4 c5 2. Nf3 d6 3. d4 cxd4 4. Qxd4 Nc6 5. Bb5 a6 6. Bxc6+ bxc6 7. Nc3 e5 8. Qd3 Be7 9. Be3 Nf6 10. 0-0 0-0 11. Na4 Rb8 12. c4 Qc7 13. Rfd1 Rd8 14. Qc2 a5 15. Rd2 Ba6 16. Rad1 h6 17. h3 Rb4 18. b3 Rdb8 19. Nh4 Bc8 20. Nf5 Bxf5 21. exf5 Qc8 22. Re2 Qa6 23. Bc1 R4b7 24. Nc3 Qb6 25. Ba3 Qc7 26. Red2 Rd8 27. Rd3 Qb8 1/2-1/2

[Event "Madrid 02"]
[Site "Madrid"]
[Date "2005.02.23"]
[Round "4"]
[White "Benito Mellado, Humberto"]
[Black "Gracia Campo, Carlos Alberto"]
[Result "0-1"]
[WhiteElo "1720"]
[BlackElo "2095"]
[PlyCount "62"]
[EventDate "2005.02.14"]
[EventType "tourn"]
[EventRounds "9"]
[EventCountry "ESP"]
[SourceTitle "EXT 2006"]
[Source "ChessBase"]
[SourceDate "2005.11.24"]
[SourceVersion "1"]
[SourceVersionDate "2005.11.24"]
[SourceQuality "1"]

1. c4 Nf6 2. Nc3 g6 3. g3 Bg7 4. Bg2 0-0 5. Nf3 c6 6. 0-0 d5 7. cxd5 cxd5 8. d4 Nc6 9. Bf4 Nh5 10. Bg5 f6 11. Bc1 f5 12. Qb3 e6 13. Bg5 Nxd4 14. Bxd8 Nxb3 15. Be7 Re8 16. Bd6 Nxa1 17. Rxa1 Bd7 18. a4 a6 19. Ne5 Bc6 20. b4 d4 21. Nxc6 dxc3 22. Ne7+ Kf7 23. Bxb7 Ra7 24. Bc6 Rexe7 25. Bxe7 Rxe7 26. b5 axb5 27. Bxb5 Nf6 28. Ra2 Nd5 29. Rc2 Nb4 30. Rc1 c2 31. Bd3 Bb2 0-1